000 00595cam a22001932 4500
001 0000008606
005 20151217152037.0
008 080505s xx 000 0 eng d
020 _a0070598681 :
_cKES
040 _aKABU
_cKABU
100 1 _aAspinwall, Jim.
_@0000159253
245 1 0 _aInstalling, troubleshooting, and repairing wireless networks /
_cJim Aspinwall.
260 _aNew Delhi :
_bTata McGraw-Hill,
_c2003.
300 _axvi, 398 p. +
_e1 CD.
650 0 _aWireless LANs.
_@0000156306
908 _a080505
950 _@1
999 _c7647
_d7647